000 004920000a22001690004500
003 MACL
005 20151231145939.0
008 151231b xxu||||| |||| 00| 0 eng d
040 _aMACL
_cMACL
041 _aEnglish
082 _a394.26/GUP
100 _aBupte, Rai Bahadur B A
_925794
245 _aHindu Holidays and Ceremonial
_bDissertations on Origin Folklore and Symbols
260 _bThacker Spink and Co
_c1919
_aCalcutta
650 _aSociology
_925795
942 _cBK
_k394.26/GUP
_2ddc
999 _c39003
_d39003